[Event "RUS-ch51"]
[Site "St Petersburg"]
[Date "1998.08.05"]
[Round "9"]
[White "Zvjaginsev, Vadim"]
[Black "Goldin, Alexander"]
[Result "1-0"]
[WhiteElo "2650"]
[BlackElo "2570"]

1.e4 c5 2.Nf3 e6 3.Nc3 a6 4.g3 b5 5.Bg2 Bb7 6.d3 d6 7.O-O Nd7 8.Ng5 Ngf6
9.f4 b4 10.Ne2 h6 11.Nh3 c4 12.Nf2 cxd3 13.cxd3 e5 14.Be3 Be7 15.d4 O-O 16.g4 Re8
17.Ng3 Bf8 18.fxe5 dxe5 19.d5 Bc5 20.Qd2 Qb6 21.Bxc5 Nxc5 22.g5 hxg5 23.Qxg5 Bc8
24.Kh1 Bd7 25.Rg1 Nh7 26.Qe3 Na4 27.Qd2 Kh8 28.Bh3 Bxh3 29.Nxh3 Qd4 30.Qc2 Nxb2
31.Nf5 Qc3 32.Qg2 g6 33.Ng5 Nxg5 34.Qxg5 Qf3+ 35.Rg2  1-0

[Event "RUS-ch51"]
[Site "St Petersburg"]
[Date "1998.08.06"]
[Round "10"]
[White "Goldin, Alexander"]
[Black "Rashkovsky, Nukhim N"]
[Result "1-0"]
[WhiteElo "2570"]
[BlackElo "2535"]

1.d4 Nf6 2.c4 g6 3.Nc3 Bg7 4.e4 d6 5.Nf3 O-O 6.Be2 Bg4 7.Bg5 c5 8.d5 a6 9.O-O Nbd7
10.a4 h6 11.Be3 Qa5 12.Ra3 Rad8 13.h3 Bxf3 14.Bxf3 Qc7 15.Qd2 Kh7 16.Be2 e5
17.dxe6 fxe6 18.f4 Nb8 19.f5 Qf7 20.Rb3 Rd7 21.Bd3 e5 22.Nd5 Nc6 23.Bb1 g5
24.Rb6 Kh8 25.Qd1 Nd4 26.b4 cxb4 27.Rxb4 Nxd5 28.exd5 Bf6 29.Re1 h5 30.Bxd4 exd4
31.Re6 Qh7 32.Qe2 Rg7 33.g3 g4 34.h4 Qh6 35.Bd3 Qc1+ 36.Kg2 Be5 37.Rb1 Qe3
38.Qxe3 dxe3 39.Re1 Rc7 40.Rxe3 b5 41.axb5 axb5 42.cxb5 Rc3 43.b6 Rb3 44.Rh6+ Kg8
45.f6 Rb2+ 46.Re2 Rb3 47.Re3 Rb2+ 48.Re2 Rb3 49.Bh7+ Kf7 50.Bg6+ Kg8 51.Bh7+ Kf7
52.Bg6+ Kg8 53.Rxe5 Rb2+ 54.Kg1 dxe5 55.Bf5 Kf7 56.Be6+ Ke8 57.Kf1 Kd8 58.Ke1 Rxb6
59.Kd2 Kc7 60.Ke3 Kd6 61.Ke4 Rb3 62.f7 Rb4+ 63.Kf5 e4 64.Kf6 e3 65.Kg7 Rd8
66.f8=Q+ Rxf8 67.Kxf8 Kc5 68.Bf7 Rb6 69.Rc6+ Rxc6 70.dxc6 Kxc6 71.Bc4 Kc5
72.Ba6 Kd4 73.Kf7 e2 74.Bxe2 Ke3 75.Ba6 Kf3 76.Kg6 Kxg3 77.Kxh5 Kf4 78.Kg6 g3
79.Bb7  1-0

[Event "National Congress 29th"]
[Site "Philadelphia"]
[Date "1998.11.28"]
[Round "3"]
[White "Zaremba, Andre"]
[Black "Goldin, Alexander"]
[Result "1/2-1/2"]
[WhiteElo "2245"]
[BlackElo "2570"]

1.d4 Nf6 2.Nf3 d5 3.c4 e6 4.Nc3 Be7 5.Bg5 h6 6.Bh4 O-O 7.e3 b6 8.Be2 Bb7
9.cxd5 exd5 10.O-O Nbd7 11.Ne5 Nxe5 12.dxe5 Ne4 13.Bg3 Nxg3 14.hxg3 c6 15.Bf3 Re8
16.Qd3 Bc5 17.Rfd1 Rxe5 18.e4 d4 19.Na4 a5 20.Nxc5 bxc5 21.Be2 Qe7 22.f3 Ba6
23.Qc2 Bxe2 24.Qxe2 f5 25.Qc4+ Qf7 26.Qxf7+ Kxf7 27.exf5 Rxf5 28.Re1 Rb8
29.Re2 Rb5 30.Rc1 a4 31.Kf2 Rd5 32.Rc4 Rb4 33.Rec2 Rxc4 34.Rxc4 a3 35.b3 Ke6
36.Ra4 Rd7 37.Rxa3 Kd5 38.Ra5 Rb7 39.Ke2 Rb5 40.Ra7 c4 41.Rxg7 cxb3 42.axb3 Rxb3
43.f4 c5 44.f5 Rb2+ 45.Kf3 c4 46.Rd7+ Ke5 47.f6 Rb6 48.f7 Rf6+ 49.Ke2 Ke4
50.Re7+ Kd5 51.Rc7 h5 52.Kd2 Rf5 53.Ke2 Rf6 54.Kd2 Ke4 55.Re7+ Kd5  1/2-1/2

[Event "World op"]
[Site "Philadelphia"]
[Date "1998.??.??"]
[Round "9"]
[White "Kaidanov, Grigory S"]
[Black "Goldin, Alexander"]
[Result "0-1"]
[WhiteElo "2620"]
[BlackElo "2590"]

1.d4 Nf6 2.c4 e6 3.g3 d5 4.Bg2 dxc4 5.Nf3 Nc6 6.Qa4 Bb4+ 7.Bd2 Nd5 8.Bxb4 Nxb4
9.a3 b5 10.Qxb5 Nc2+ 11.Kd2 Nxa1 12.Qxc6+ Bd7 13.Qxc4 c5 14.Qa2 Qa5+ 15.b4 cxb4
16.Qxa1 Rc8 17.Ne5 Bb5 18.a4 O-O 19.Be4 f6 20.Nd3 f5 21.Bf3 b3+ 22.Nc3 Bxd3
23.exd3 f4 24.g4 Qb4 25.Qb2 Rc7 26.d5 Rfc8 27.Rc1 Qd4 28.d6 Qxf2+ 29.Be2 Qe3+
30.Ke1 Rd7 31.Qd2 Rxd6 32.Rb1 Qg1+ 33.Bf1 Qxg4 34.Rxb3 Rdc6 35.h3 Qg3+ 36.Kd1 Qg1
37.Qxf4 Rxc3 38.Rxc3 Rxc3 39.Qb8+ Kf7 40.Qb7+ Kf6 41.Qf3+ Ke7 42.Qb7+ Kd6
43.Qb8+ Kd7 44.Qb5+ Rc6  0-1

[Event "Geneve op"]
[Site "Geneve"]
[Date "1999.01.23"]
[Round "1"]
[White "Goldin, Alexander"]
[Black "Leib, Agripa"]
[Result "1-0"]
[WhiteElo "2585"]
[BlackElo "2210"]

1.d4 Nf6 2.c4 e6 3.Nf3 b6 4.g3 Ba6 5.Qb3 Be7 6.Bg2 Bb7 7.O-O O-O 8.Nc3 d6
9.d5 e5 10.Ne1 Nbd7 11.Nd3 Re8 12.Bd2 Bf8 13.e4 a5 14.Qc2 Nc5 15.Nxc5 dxc5
16.f4 Bd6 17.Rae1 Bc8 18.f5 Nd7 19.Qd3 Be7 20.h4 Rf8 21.Bh3 Nf6 22.g4 Ne8
23.g5 Nd6 24.b3 Re8 25.a4 Bf8 26.Re2 Bd7 27.Rg2 Qc8 28.Rf3 Qd8 29.Bg4 Qc8
30.Rfg3 Be7 31.f6 Bxg4 32.Rxg4 Bf8 33.Nd1 Qd7 34.h5 g6 35.Rh4 Ra7 36.Ne3 Rb7
37.Bc3 Nc8 38.Ng4 Bd6 39.Qh3 c6 40.hxg6 fxg6 41.f7+  1-0

[Event "Geneve op"]
[Site "Geneve"]
[Date "1999.01.24"]
[Round "2"]
[White "Miton, Kamil"]
[Black "Goldin, Alexander"]
[Result "0-1"]
[WhiteElo "2383"]
[BlackElo "2585"]

1.d4 Nf6 2.c4 e6 3.Nc3 Bb4 4.f3 d5 5.a3 Bxc3+ 6.bxc3 O-O 7.cxd5 exd5 8.e3 Nh5
9.Qc2 Re8 10.Qf2 Nc6 11.g4 Nf4 12.Qg3 Qf6 13.g5 Qf5 14.e4 Nh5 15.Qh4 dxe4
16.Qxh5 exf3+ 17.Kf2 Qc2+ 18.Kg3 Qxc3 19.Nxf3 g6 20.Qh4 Ne7 21.Kf2 Qxa1 22.Bc4 Be6
23.Ne5 Nf5  0-1

[Event "Geneve op"]
[Site "Geneve"]
[Date "1999.01.26"]
[Round "4"]
[White "Gerber, Richard"]
[Black "Goldin, Alexander"]
[Result "1-0"]
[WhiteElo "2353"]
[BlackElo "2585"]

1.d4 Nf6 2.Nf3 e6 3.e3 b6 4.Bd3 Bb7 5.O-O Be7 6.b3 O-O 7.Bb2 c5 8.c4 cxd4
9.exd4 d5 10.Nc3 Nc6 11.Rc1 Rc8 12.Qe2 Nb4 13.Bb1 Re8 14.Ne5 Bf8 15.Rfd1 g6
16.Qe3 Nc6 17.h3 dxc4 18.bxc4 Na5 19.Bd3 Nd7 20.Qf4 Qf6 21.Qg3 Red8 22.Ng4 Qg7
23.d5 e5 24.Nb5 a6 25.Na7 Ra8 26.Nxe5 Rxa7 27.Nxg6 f6 28.Bf5 hxg6 29.Be6+ Kh7
30.Rd4 g5 31.Rg4 Nc5 32.Bf5+ Kg8 33.Bxf6 Qxf6 34.Rxg5+ Bg7 35.Rg6 Qf7 36.Re1 Nxc4
37.Qg5 Rf8 38.Re7 Qxe7 39.Qxe7 Rf7 40.Qe8+ Rf8 41.Rxg7+  1-0

[Event "Geneve op"]
[Site "Geneve"]
[Date "1999.01.28"]
[Round "6"]
[White "Goldin, Alexander"]
[Black "Zueger, Beat"]
[Result "1/2-1/2"]
[WhiteElo "2585"]
[BlackElo "2424"]

1.d4 Nf6 2.Nf3 g6 3.c4 Bg7 4.g3 O-O 5.Bg2 d6 6.O-O a6 7.Nc3 c6 8.e4 Bg4 9.Qb3 b5
10.e5 dxe5 11.Nxe5 Qxd4 12.Nxg4 Nxg4 13.cxb5 axb5 14.Nxb5 Qb6 15.h3 Ra6 16.hxg4 Qxb5
17.Qe3 Nd7 18.Re1 Ne5 19.Bf1 Qd5 20.Bxa6 Nf3+ 21.Kf1 Nxe1 22.Qxe1 Ra8 23.Qxe7 Bf8
24.Qe1 Rxa6 25.Be3  1/2-1/2

[Event "Geneve op"]
[Site "Geneve"]
[Date "1999.01.29"]
[Round "7"]
[White "Sulskis, Sarunas"]
[Black "Goldin, Alexander"]
[Result "0-1"]
[WhiteElo "2568"]
[BlackElo "2585"]

1.e4 c5 2.Nf3 e6 3.d4 cxd4 4.Nxd4 a6 5.Nc3 b5 6.Bd3 Qb6 7.Nb3 Qc7 8.O-O Bb7
9.Qe2 Nc6 10.f4 d6 11.Bd2 Nf6 12.a3 Be7 13.Rae1 b4 14.axb4 Nxb4 15.Kh1 Nxd3
16.cxd3 O-O 17.Ra1 Rab8 18.Na5 Ba8 19.Na4 Rfc8 20.Rfc1 Qd8 21.Rxc8 Qxc8 22.Rc1 Qd7
23.b3 Bd8 24.h3 h6 25.Qd1 Qb5 26.Nc4 d5 27.Nd6 Qxd3 28.Nc5 Qd4 29.e5 Ne4
30.Ncxe4 dxe4 31.Qh5 Qxd2 32.Qxf7+ Kh7 33.Rg1 Bb6 34.f5 Qg5 35.Qxe6 Bxg1
36.Nf7 Qg3 37.Kxg1 e3  0-1

[Event "Geneve op"]
[Site "Geneve"]
[Date "1999.01.30"]
[Round "8"]
[White "Bergez, Luc"]
[Black "Goldin, Alexander"]
[Result "0-1"]
[WhiteElo "2378"]
[BlackElo "2585"]

1.e4 c5 2.Nf3 e6 3.d4 cxd4 4.Nxd4 a6 5.g3 d5 6.Nc3 dxe4 7.Nxe4 e5 8.Nb3 Qxd1+
9.Kxd1 Nc6 10.Be3 f5 11.Nc3 Be6 12.Bg2 Nf6 13.Re1 Kf7 14.Nc5 Bxc5 15.Bxc5 Rac8
16.Kc1 Rhd8 17.b3 Nd4 18.Rxe5 Ng4 19.Bxd4 Rxd4 20.Ne2 Rd7 21.Ra5 Nxf2 22.Nf4 Ng4
23.Kb2 Ne3 24.Rc1 g5 25.Nxe6 Kxe6 26.Bf1 Rd5 27.Ra4 Nxf1 28.Re1+ Re5 29.Rxf1 Re2
30.h4 Rcxc2+ 31.Kb1 h6 32.hxg5 hxg5 33.Ra5 Rf2 34.Rh1 Rb2+ 35.Ka1 Rh2 36.Rf1 Rbf2
37.Re1+ Kf6 38.b4 Kg6 39.b5 axb5 40.Rxb5 Rxa2+ 41.Kb1 Rae2 42.Rf1 Ref2  0-1

[Event "Foxwoods op"]
[Site "Mashantucket"]
[Date "1999.04.01"]
[Round "1"]
[White "Goldin, Alexander"]
[Black "Hoekstra, Matthew"]
[Result "1-0"]
[WhiteElo "2585"]
[BlackElo "2171"]

1.d4 Nf6 2.c4 Nc6 3.Nf3 e6 4.a3 d5 5.Nc3 Be7 6.Bf4 O-O 7.e3 Re8 8.Qc2 dxc4
9.Bxc4 Nd5 10.Bg3 Bf6 11.Ne4 Nce7 12.Bd3 Ng6 13.Nxf6+ Qxf6 14.Bxc7 Bd7 15.Bg3 Rac8
16.Qd2 Nb6 17.O-O Nc4 18.Qe2 Nb6 19.Nd2 Bc6 20.Ne4 Bxe4 21.Bxe4 Qe7 22.Rac1 Qd7
23.h4 Ne7 24.Bd3 a6 25.h5 Nf5 26.Bh2 Rxc1 27.Rxc1 Rc8 28.Rc2 h6 29.g4 Ne7
30.Bg3 Ned5 31.Kg2 Nf6 32.f3 Nfd5 33.e4 Rxc2 34.Bxc2 Ne7 35.Bf2 Na4 36.Qc4 Nxb2
37.Qb4 Qb5 38.Qxe7 Qe2 39.Bb1 e5 40.Ba2 Nd3  1-0

[Event "Foxwoods op"]
[Site "Mashantucket"]
[Date "1999.04.02"]
[Round "2"]
[White "Formanek, Edward W"]
[Black "Goldin, Alexander"]
[Result "0-1"]
[WhiteElo "2291"]
[BlackElo "2585"]

1.e4 c5 2.Nf3 e6 3.c3 d5 4.e5 d4 5.Bb5+ Bd7 6.Bd3 Bc6 7.O-O Ne7 8.Re1 Ng6
9.cxd4 cxd4 10.Bxg6 hxg6 11.d3 Nd7 12.Bf4 Bb4 13.Nbd2 Nc5 14.Qe2 Bb5 15.a3 Bxd2
16.Qxd2 a5 17.Rad1 Qd5 18.Qe2 Rd8 19.b4 axb4 20.axb4 Na4 21.Qd2 Nc3 22.Rc1 Bc6
23.Kh1 Ra8 24.Rg1 Ra2 25.Rc2 Rxc2 26.Qxc2 O-O 27.Ra1 Rc8 28.Ra5 Qxf3 29.gxf3 Bxf3+
30.Kg1 Ne2+ 31.Qxe2 Bxe2 32.Ra3 f6 33.h4 Kf7 34.Kg2 Rc6 35.Bg3 Rb6 36.Rb3 Bd1
37.Rb2 Rc6 38.f4 Rc3 39.Rd2 Ba4 40.Bf2 Rb3 41.exf6 gxf6 42.Bxd4 Rxb4 43.Be3 Bc6+
44.Kf2 Rb1 45.Bd4 Rh1 46.Kg3 Rf1 47.Bf2 Ke7 48.Kg4 Kd6 49.h5 gxh5+ 50.Kxh5 b5
51.Kg6 f5 52.Kf6 b4 53.Bd4 b3 54.Be5+ Kd7 55.Kf7 Bd5 56.Kf6 Rf3 57.Kf7 Kc6
58.Ke7 Kc5 59.Kd7 Rh3 60.Ke7 Rh1 61.Kf6 Kb4 62.Bd4 Rc1 63.Rh2 Rc2 64.Rh8 Ka3
65.Rb8 Ka2 66.Rb6 Rd2 67.Ra6+ Kb1 68.Rxe6 Bxe6 69.Kxe6 Rxd3 70.Bg7 Kc2 71.Kxf5 Rc3  0-1

[Event "Foxwoods op"]
[Site "Mashantucket"]
[Date "1999.04.02"]
[Round "3"]
[White "Goldin, Alexander"]
[Black "Kreiman, Boris"]
[Result "1-0"]
[WhiteElo "2585"]
[BlackElo "2474"]

1.d4 d5 2.c4 c6 3.Nf3 Nf6 4.Nc3 dxc4 5.a4 Bf5 6.e3 e6 7.Bxc4 Bb4 8.O-O O-O
9.Nh4 Nbd7 10.Nxf5 exf5 11.f3 Nb6 12.Bb3 Qd7 13.Qd3 Rad8 14.a5 Nc8 15.Qc4 Qe7
16.a6 Nb6 17.Qd3 f4 18.axb7 Qxb7 19.e4 Bc5 20.Ne2 Bxd4+ 21.Nxd4 c5 22.Qb5 cxd4
23.Bxf4 Qd7 24.Qxd7 Rxd7 25.Rfd1 Rc8 26.Be5 d3 27.Kf2 Ne8 28.Ke3 Nc4+ 29.Bxc4 Rxc4
30.Rxd3 Re7 31.Bc3 f5 32.e5 Nc7 33.Ra5 f4+ 34.Kd2 Ne6 35.Rdd5 Kf7 36.Kd3 Rcc7
37.Bb4 Red7 38.Rxd7+ Rxd7+ 39.Bd6 Nd8 40.Ke4 Nb7 41.Ra6 Nxd6+ 42.Rxd6 Rb7
43.Kxf4 Rxb2 44.Rd7+ Kg6 45.Kg3 a5 46.Ra7 Ra2 47.f4 a4 48.Kf3 h5 49.h3 h4
50.e6 a3 51.f5+  1-0

[Event "Foxwoods op"]
[Site "Mashantucket"]
[Date "1999.04.03"]
[Round "4"]
[White "Wojtkiewicz, Aleksander"]
[Black "Goldin, Alexander"]
[Result "1/2-1/2"]
[WhiteElo "2570"]
[BlackElo "2585"]

1.Nf3 d5 2.d4 Nf6 3.c4 e6 4.g3 dxc4 5.Bg2 Nc6 6.Qa4 Bb4+ 7.Bd2 Bd6 8.Qxc4 O-O
9.Bf4 Qe7 10.Nc3 e5  1/2-1/2

[Event "Foxwoods op"]
[Site "Mashantucket"]
[Date "1999.04.03"]
[Round "5"]
[White "Goldin, Alexander"]
[Black "Young, Angelo"]
[Result "1-0"]
[WhiteElo "2585"]
[BlackElo "2398"]

1.d4 e6 2.c4 Nf6 3.Nf3 b6 4.a3 Bb7 5.Nc3 Ne4 6.Nxe4 Bxe4 7.Nd2 Bb7 8.e4 g6
9.Bd3 Bg7 10.Nf3 d6 11.O-O O-O 12.Bg5 Bf6 13.Bh6 Re8 14.Qd2 Nd7 15.Rfe1 a5
16.Rad1 a4 17.Bc2 Ra5 18.Qd3 Bg7 19.Bxg7 Kxg7 20.c5 Kg8 21.cxd6 cxd6 22.Qd2 Nb8
23.Rc1 d5 24.e5 Qe7 25.h4 Ba6 26.h5 Bc4 27.g3 Nd7 28.Kg2 Ra7 29.Rh1 b5 30.Rh4 Rc8
31.Rch1 Nf8 32.hxg6 fxg6 33.Nh2 h5 34.Ng4 hxg4 35.Rh8+ Kf7 36.Qf4+ Ke8 37.R1h7  1-0

[Event "Foxwoods op"]
[Site "Mashantucket"]
[Date "1999.04.04"]
[Round "6"]
[White "Kaidanov, Grigory S"]
[Black "Goldin, Alexander"]
[Result "1/2-1/2"]
[WhiteElo "2606"]
[BlackElo "2585"]

1.e4 c5 2.Nf3 Nc6 3.Bb5 g6 4.Bxc6 dxc6 5.h3 e5 6.d3 f6 7.Nc3 Nh6 8.O-O Nf7
9.Nh2 Bg7 10.f4 exf4 11.Bxf4 O-O 12.Qd2 Be6 13.Rad1 Qd7 14.Be3 b6 15.a3 f5
16.Nf3 fxe4 17.Nxe4 Bd5 18.Nc3 Bxf3 19.Rxf3 Nd6 20.Rff1 Rxf1+ 21.Rxf1 Nf5
22.Bf2 Rd8 23.Qe2 Re8 24.Ne4 Nd6 25.c4 Nf5 26.b3 Rd8 27.Rd1 Qc7 28.Qe1 Bd4
29.b4 cxb4 30.axb4 h5 31.Bxd4 Rxd4 32.Qd2 Rd8 33.c5 bxc5 34.bxc5 h4 35.Rc1 Qe7
36.Qa2+ Qf7 37.Qb2  1/2-1/2

[Event "Oberlin op"]
[Site "Oberlin"]
[Date "1999.04.16"]
[Round "2"]
[White "Goldin, Alexander"]
[Black "Lein, Anatoly"]
[Result "1-0"]
[WhiteElo "2585"]
[BlackElo "2428"]

1.d4 d5 2.c4 Nc6 3.cxd5 Qxd5 4.e3 e5 5.Nc3 Bb4 6.Bd2 Bxc3 7.bxc3 Qd6 8.Ne2 Nge7
9.Ng3 f5 10.Be2 Be6 11.O-O O-O 12.Qa4 Nd5 13.c4 Nb6 14.Qc2 exd4 15.c5 Qd5
16.cxb6 d3 17.Bxd3 Rad8 18.bxc7 Rd7 19.Bxf5  1-0

[Event "Oberlin op"]
[Site "Oberlin"]
[Date "1999.04.17"]
[Round "3"]
[White "Sevillano, Enrico"]
[Black "Goldin, Alexander"]
[Result "1/2-1/2"]
[WhiteElo "2471"]
[BlackElo "2585"]

1.e4 c5 2.c3 d5 3.exd5 Qxd5 4.d4 Nf6 5.Nf3 Bg4 6.Be2 e6 7.h3 Bh5 8.O-O Nc6
9.Be3 cxd4 10.Nxd4 Bxe2 11.Qxe2 a6 12.Rd1 Be7 13.Nd2 O-O 14.Nc4 Rad8 15.Nxc6 Qxc6
16.Bd4 Nd5 17.Ne5 Qc7 18.Ng4 Bd6 19.Re1 Nf4 20.Qf3 f6 21.Rad1 Be7 22.Ne3 Rf7
23.Qe4 Bd6 24.Nf1 f5 25.Qf3 Rdd7 26.Be3 Ng6 27.Bc1 e5 28.Qd5 e4 29.Qb3 Ne5
30.Bf4 g6 31.Bxe5 Bxe5 32.Rxd7 Qxd7 33.Rd1 Qe7 34.Qc4 Kg7 35.Qc8 Bc7 36.Kh1 Bb6
37.Ne3 f4  1/2-1/2

[Event "Oberlin op"]
[Site "Oberlin"]
[Date "1999.04.17"]
[Round "4"]
[White "Goldin, Alexander"]
[Black "Wojtkiewicz, Aleksander"]
[Result "1/2-1/2"]
[WhiteElo "2585"]
[BlackElo "2570"]

1.c4 c5 2.Nf3 g6 3.d4 Bg7 4.d5 b5 5.e4 Nf6 6.a4 b4 7.e5 Ng4 8.Ng5 Nxe5 9.f4 f6
10.Ne4 Nf7 11.Nxc5 f5 12.Nd2 O-O 13.Ndb3 Qc7 14.Be2 Na6 15.Nd3 Nd6 16.Ne5 Ne4
17.O-O Bxe5 18.fxe5 Qxe5 19.Bf3 d6 20.Be3 Bd7 21.Bd4 Qf4 22.Bxe4 Qxe4 23.Re1 Qh4
24.Qf3 Rf7 25.g3  1/2-1/2

[Event "CCA ChessWise op"]
[Site "Stratton Mountain"]
[Date "1999.06.11"]
[Round "1"]
[White "Goldin, Alexander"]
[Black "Young, Ronald"]
[Result "1/2-1/2"]
[WhiteElo "2585"]
[BlackElo "2299"]

1.d4 d5 2.c4 dxc4 3.e3 Nf6 4.Bxc4 e6 5.Nf3 c5 6.O-O a6 7.Bb3 b5 8.a4 Bb7
9.axb5 axb5 10.Rxa8 Bxa8 11.Nc3 b4 12.Na4 cxd4 13.Qxd4 Qxd4 14.Nxd4 Nbd7
15.Bd2 Be7 16.Rc1 O-O 17.f3 g5 18.e4 g4 19.Bf4 gxf3 20.gxf3 Nh5 21.Be3 Ne5
22.Rc7 Bd6 23.Ra7 Nd3 24.Nb6 Bc5 25.Rxa8 Bxb6 26.Rxf8+ Kxf8 27.Nxe6+ fxe6
28.Bxb6 Nhf4 29.Bc7 Ne2+ 30.Kf1 Nd4 31.Ba2 b3 32.Bb1 Nc2 33.Bd6+ Kf7 34.Ba3 Ne5
35.Bxc2 bxc2 36.b4 Nd3 37.b5 Ke8 38.f4 Nc5 39.Ke2 Nxe4 40.Kd3 Nd6 41.b6 Kd7
42.Kxc2 Nc4 43.Bc5 Kc6 44.Kc3 Nxb6 45.Bxb6 Kxb6 46.Kd4 Kc6 47.Ke5 Kd7 48.Kf6 Kd6
49.h4 Kd5 50.h5 Ke4 51.Kg5 Kf3 52.f5 exf5 53.Kxf5 Ke3 54.Kf6 Kd4 55.h6 Kd5  1/2-1/2

[Event "CCA ChessWise op"]
[Site "Stratton Mountain"]
[Date "1999.06.14"]
[Round "6"]
[White "Akopian, Vladimir"]
[Black "Goldin, Alexander"]
[Result "1-0"]
[WhiteElo "2640"]
[BlackElo "2585"]

1.Nf3 d5 2.d4 Nf6 3.c4 e6 4.Nc3 Be7 5.Qc2 c5 6.dxc5 O-O 7.Bg5 Qa5 8.cxd5 exd5
9.e3 Qxc5 10.Be2 Nc6 11.Rd1 Be6 12.O-O h6 13.Bh4 g5 14.Bg3 Ne4 15.Nd4 Nxd4
16.exd4 Qc6 17.Bb5 Qb6 18.Nxe4 Qxb5 19.Nc3 Qd7 20.Rde1 Rae8 21.f4 f5 22.fxg5 hxg5
23.Be5 Rf7 24.Qe2 Rh7 25.Nb5 Bb4 26.Rc1 a6 27.a3 Rc8 28.Nc7 Bf7 29.Qd3 f4
30.Nxd5 Bxd5 31.Qg6+ Kf8 32.Rxc8+ Qxc8 33.Qxh7 Qg4 34.Qc2 Be7 35.h3 Qg3 36.Bxf4 gxf4
37.Qf5+ Bf7 38.Rxf4 Qb3 39.d5  1-0

[Event "CCA ChessWise op"]
[Site "Stratton Mountain"]
[Date "1999.06.15"]
[Round "7"]
[White "Goldin, Alexander"]
[Black "Ivanov, Alexander"]
[Result "1/2-1/2"]
[WhiteElo "2585"]
[BlackElo "2505"]

1.d4 Nf6 2.c4 e6 3.Nc3 Bb4 4.Qc2 c5 5.dxc5 O-O 6.Nf3 Na6 7.g3 Nxc5 8.Bg2 Nce4
9.O-O Nxc3 10.bxc3 Be7 11.e4 d6 12.e5 dxe5 13.Nxe5 Qc7 14.Qe2 Ne8 15.f4 Nd6
16.Ba3 Nf5 17.Bxe7 Nxe7 18.Rab1 Rb8 19.Qf2 b6 20.c5 f6 21.Nf3 Ba6 22.cxb6 Rxb6
23.Rxb6 Qxb6 24.Qxb6 axb6 25.Rb1 Nd5 26.Nd4 Bc4 27.Nxe6 Rb8  1/2-1/2

[Event "World op"]
[Site "Philadelphia"]
[Date "1999.06.30"]
[Round "4"]
[White "Goldin, Alexander"]
[Black "Finegold, Benjamin"]
[Result "1-0"]
[WhiteElo "2585"]
[BlackElo "2500"]

1.d4 d5 2.Nf3 Bf5 3.c4 e6 4.Qb3 Nc6 5.Bd2 Rb8 6.Nc3 Nf6 7.cxd5 exd5 8.Bg5 Na5
9.Qa4+ c6 10.Bxf6 gxf6 11.e3 b5 12.Qd1 Nc4 13.Qc1 Qa5 14.Nd2 Qb4 15.Nd1 Qa5
16.a3 Rg8 17.g3 h5 18.Bg2 Bd3 19.b4 Qc7 20.Qc3 Bf5 21.O-O h4 22.Re1 hxg3
23.hxg3 Be6 24.e4 Bd6 25.Nxc4 dxc4 26.Ne3 Kf8 27.Rad1 Rg6 28.Nc2 Kg7 29.e5 Be7
30.Ne3 Rd8 31.f4 f5 32.Kf2 Rg8 33.Bh3 Kf8 34.Rg1 Rh6 35.Bxf5 Rh2+ 36.Rg2 Rxg2+
37.Kxg2 Bh4 38.g4 Bxf5 39.Nxf5 Rxg4+ 40.Kf3 Rg8 41.Nxh4 Qd8 42.Nf5 Qd5+ 43.Ke3 Qg2
44.Qd2 Qh3+ 45.Ke4 c3 46.Qf2 Rg2 47.Qf3 Qh2 48.Rc1 Rc2 49.Rh1 Re2+ 50.Kd3 c2
51.Qxe2  1-0

[Event "National Chess Congress"]
[Site "Philadelphia USA"]
[Date "1999.11.26"]
[Round "1"]
[White "Goldin,A"]
[Black "Ruiz,M"]
[Result "1-0"]
[WhiteElo "2602"]
[BlackElo "2246"]

1.d4 Nf6 2.Nf3 c5 3.d5 e6 4.Nc3 b5 5.Bg5 b4 6.Ne4 Bb7 7.c4 Be7 8.Bxf6 gxf6
9.Ng3 f5 10.Qd2 a5 11.e4 fxe4 12.Nxe4 f5 13.Ng3 h5 14.h4 Bf6 15.O-O-O a4
16.Kb1 a3 17.b3 Bg7 18.Qg5 Qf6 19.Qxf6 Bxf6 20.Be2 Na6 21.Ng5 Bxg5 22.hxg5 h4
23.Nh5 O-O-O 24.Rxh4 exd5 25.cxd5 Nc7 26.Bc4 Rdg8 27.g3 Bxd5 28.Bxd5 Nb5
29.Nf4 Nc3+ 30.Kc2 Rxh4 31.gxh4 Nxa2 32.g6 Nc3 33.Rg1  1-0

[Event "National Chess Congress"]
[Site "Philadelphia USA"]
[Date "1999.11.27"]
[Round "3"]
[White "Goldin,A"]
[Black "Ippolito,D"]
[Result "1-0"]
[WhiteElo "2602"]
[BlackElo "2351"]

1.d4 d5 2.c4 e6 3.Nf3 Nf6 4.Nc3 c6 5.Bg5 h6 6.Bh4 dxc4 7.e4 g5 8.Bg3 b5 9.Be2 Bb4
10.Qc2 g4 11.Ne5 Qxd4 12.O-O Bxc3 13.bxc3 Qxe4 14.Qd2 Nbd7 15.f3 Qd5 16.Qf4 Rg8
17.Nxd7 Nxd7 18.fxg4 e5 19.Qxh6 Bb7 20.Rad1 Qc5+ 21.Bf2 Qf8 22.Qh5 Rh8 23.Qf5 O-O-O
24.g5 Kc7 25.Rxd7+ Rxd7 26.Qxe5+ Kd8 27.Bg4 f5 28.Bxf5 Qg7 29.Qb8+ Bc8 30.Bxd7  1-0

[Event "National Chess Congress"]
[Site "Philadelphia USA"]
[Date "1999.11.28"]
[Round "5"]
[White "Goldin,A"]
[Black "Shabalov,A"]
[Result "1/2-1/2"]
[WhiteElo "2602"]
[BlackElo "2566"]

1.d4 d5 2.c4 e6 3.Nc3 c5 4.cxd5 exd5 5.Nf3 Nf6 6.Bg5 Be7 7.dxc5 Be6 8.e3 O-O
9.Be2 Nbd7 10.O-O Nxc5 11.Rc1 Rc8 12.Nd4 a6 13.a3 b5 14.Bf3 Qd6 15.Nde2 Rfd8
16.Bf4 Qb6 17.Be5 b4 18.axb4 Qxb4 19.Nd4 Nfd7 20.Bg3 Nb6 21.Qe2 Bf6 22.Na2 Qa4
23.Nc3 Qc4 24.Rfd1 Kf8 25.Qd2 g6  1/2-1/2

[Event "US Masters"]
[Site "Oak Bridge, IL USA"]
[Date "2000.03.10"]
[Round "3"]
[White "Ashley,M"]
[Black "Goldin,A"]
[Result "0-1"]
[WhiteElo "2499"]
[BlackElo "2566"]

1.e4 c5 2.Nf3 e6 3.d4 cxd4 4.Nxd4 a6 5.Nc3 b5 6.Be2 Bb7 7.Bf3 Ne7 8.O-O Ng6
9.e5 Qc7 10.Bxb7 Qxb7 11.f4 Nc6 12.Nf3 Be7 13.Qe2 O-O 14.Be3 f6 15.exf6 Bxf6
16.Ne4 Bxb2 17.Nc5 Qc7 18.Rad1 Nxf4 19.Bxf4 Rxf4 20.Rxd7 Qb6 21.Qxe6+ Kh8
22.Rd5 Rf6 23.Qe3 Nb4 24.Rh5 g6 25.Rh4 Nd5 26.Qf2 Rc8 27.Ne4 Rxf3  0-1

[Event "US Masters"]
[Site "Oak Bridge, IL USA"]
[Date "2000.03.12"]
[Round "6"]
[White "Wojtkiewicz,A"]
[Black "Goldin,A"]
[Result "1-0"]
[WhiteElo "2563"]
[BlackElo "2566"]

1.Nf3 d5 2.d4 Nf6 3.c4 e6 4.g3 dxc4 5.Bg2 Nc6 6.Qa4 Bb4+ 7.Bd2 Bd6 8.Bc3 O-O
9.Qxc4 Qe7 10.Ne5 Bxe5 11.dxe5 Nd5 12.O-O Rd8 13.Rd1 Bd7 14.Nd2 Nxc3 15.Qxc3 Be8
16.Nb3 Rxd1+ 17.Rxd1 Rd8 18.Rc1 f6 19.exf6 Qxf6 20.Qxf6 gxf6 21.f4 Kf7 22.Kf2 Ke7
23.Nc5 Rd2 24.Nd3 Nd4 25.Ke3 Rxe2+ 26.Kxd4 Rxg2 27.Rxc7+ Kd6 28.Rxh7 Bc6
29.Rf7 f5 30.Rh7 Re2 31.Ne5 Re4+ 32.Kc3 Kc5 33.b4+ Kd5 34.a4 Bxa4 35.Rxb7 a6
36.Rb8 Re3+ 37.Kd2 Ra3 38.Nd3 Bb5 39.Rd8+ Kc6 40.Nc5 Ra2+ 41.Kc3 Re2 42.Rd2 Re3+
43.Kd4 Re1 44.h4 Kd6 45.Rh2 Rd1+ 46.Kc3 Rg1 47.h5 Rxg3+ 48.Kd4 Rg7 49.h6 Rh7
50.Rh3 Bf1 51.Rh1 Bb5 52.Rh2 Bf1 53.Nb3 Bb5 54.Nd2 Bc6 55.Nc4+ Ke7 56.Ke5 Bb5
57.Nd6 Bc6 58.Ra2 Rxh6 59.Rxa6 Rh1 60.Rxc6 Re1+ 61.Kd4 Rd1+ 62.Ke3  1-0

[Event "Foxwoods Open"]
[Site "Connecticut USA"]
[Date "2000.04.21"]
[Round "2"]
[White "Schneider,D"]
[Black "Goldin,A"]
[Result "0-1"]
[WhiteElo "2329"]
[BlackElo "2566"]

1.e4 c5 2.Nf3 Nc6 3.d4 cxd4 4.Nxd4 Nf6 5.Nc3 d6 6.Bc4 Qb6 7.Nde2 e6 8.Bb3 Be7
9.O-O O-O 10.Ng3 a6 11.Kh1 Na5 12.Bg5 h6 13.Be3 Qc6 14.f4 b5 15.e5 Bb7 16.Rf2 Ne8
17.Qg4 Nxb3 18.axb3 dxe5 19.fxe5 f5 20.Qh3 Kh7 21.Nce2 Bc5 22.Nh5 Qb6 23.Bxc5 Qxc5
24.Qg3 Qe7 25.Nd4 Rd8 26.c3 Nc7 27.Nf4 g5 28.Nd3 b4 29.Ra5 bxc3 30.bxc3 Nb5
31.Nxb5 f4 32.Qh3 axb5 33.Ne1 Rd1 34.Rf1 f3 35.gxf3 Rxe1 36.Rxe1 Bxf3+  0-1

[Event "Foxwoods Open"]
[Site "Connecticut USA"]
[Date "2000.04.21"]
[Round "3"]
[White "Goldin,A"]
[Black "Becerra Rivero,J"]
[Result "0-1"]
[WhiteElo "2566"]
[BlackElo "2541"]

1.d4 g6 2.e4 Bg7 3.Nc3 d6 4.Be3 a6 5.f4 b5 6.Nf3 Bb7 7.Bd3 Nd7 8.e5 e6 9.a4 b4
10.Ne4 Ne7 11.exd6 Nf5 12.dxc7 Qxc7 13.Qd2 O-O 14.a5 Nf6 15.Nxf6+ Bxf6 16.Bxf5 gxf5
17.O-O Be4 18.Rf2 Rab8 19.Qe2 Rb5 20.Ng5 Bxg5 21.fxg5 Rxa5 22.Rd1 Rc8 23.Qh5 Ra2
24.c4 bxc3 25.bxc3 Rxf2 26.Bxf2 Rb8 27.Qe2 a5 28.Be3 a4 29.Re1  0-1

[Event "New York Open"]
[Site "New York USA"]
[Date "2000.05.05"]
[Round "2"]
[White "Goldin,A"]
[Black "Zlotnikov,M"]
[Result "1-0"]
[WhiteElo "2566"]
[BlackElo "2356"]

1.d4 Nf6 2.c4 g6 3.g3 Bg7 4.Bg2 O-O 5.Nc3 d6 6.Nf3 Nc6 7.O-O Bg4 8.d5 Na5
9.b3 e5 10.Nd2 c5 11.dxc6 Nxc6 12.h3 Be6 13.Nde4 Nxe4 14.Nxe4 Qd7 15.Qxd6 Qxd6
16.Nxd6 Nd4 17.e3 Ne2+ 18.Kh2 e4 19.Ba3 Bxa1 20.Rxa1 f5 21.Nxb7 Rfc8 22.Bf1 Nc3
23.Nc5 Bf7 24.Rc1 Rd8 25.Rxc3 Rd2 26.Nb7 Rxf2+ 27.Kg1 Rxa2 28.b4 Be6 29.c5 g5
30.c6 f4 31.Nc5 Bf5 32.c7 fxe3 33.Nxe4 Kg7 34.Nd6 e2 35.Bxe2 Rxe2 36.c8=Q Rxc8
37.Nxc8 Rg2+ 38.Kf1  1-0

[Event "New York Open"]
[Site "New York USA"]
[Date "2000.05.06"]
[Round "3"]
[White "Arizmendi Martinez,J"]
[Black "Goldin,A"]
[Result "0-1"]
[WhiteElo "2445"]
[BlackElo "2566"]

1.e4 c5 2.Nf3 e6 3.Nc3 a6 4.d4 cxd4 5.Nxd4 b5 6.Bd3 Qb6 7.Nb3 Qc7 8.O-O Bb7
9.Bd2 Nf6 10.Qe2 b4 11.Nd1 d5 12.exd5 Nxd5 13.c4 Nf4 14.Bxf4 Qxf4 15.Na5 Bxg2
16.Kxg2 Qg5+ 17.Kh1 Qxa5 18.f4 Nc6 19.f5 e5 20.Be4 Nd4 21.Qh5 Rd8 22.Ne3 Be7
23.Nd5 Bf6 24.b3 Qc5 25.Rg1 a5 26.Rg3 h6 27.Rag1 Rf8 28.Rxg7 Bxg7 29.f6 Bh8
30.Qxe5+ Ne6 31.Qh5 Qd4 32.Re1 Rd6  0-1